Handbook of thermoluminescence

Includes bibliographical references and index.; This book provides practical support for research, study, routine work and terminology in the field of thermoluminescence (TL). It discusses the methods of determining the kinetic parameters, the procedures for characterizing a thermoluminescent dosime...

全面介紹

Đã lưu trong:
書目詳細資料
主要作者: Furetta, C
格式: 圖書
語言:Undetermined
出版: River Edge, NJ World Scientific Pub 2003
主題:
在線閱讀:http://lrc.tdmu.edu.vn/opac/search/detail.asp?aID=2&ID=32988
標簽: 添加標簽
沒有標簽, 成為第一個標記此記錄!
Thư viện lưu trữ: Trung tâm Học liệu Trường Đại học Thủ Dầu Một
LEADER 01162nam a2200205Ia 4500
001 TDMU_32988
008 210410s9999 xx 000 0 und d
082 |a 128.2 
090 |b F521 
100 |a Furetta, C 
245 0 |a Handbook of thermoluminescence 
245 0 |c Claudio Furetta 
260 |a River Edge, NJ 
260 |b World Scientific Pub 
260 |c 2003 
300 |a xviii, 461 p. 
520 |a Includes bibliographical references and index.; This book provides practical support for research, study, routine work and terminology in the field of thermoluminescence (TL). It discusses the methods of determining the kinetic parameters, the procedures for characterizing a thermoluminescent dosimetric system, and the definition of terms commonly used in the literature. Furthermore, the analytical treatments of the various TL models are fully developed. The arguments are given in alphabetical order to ease research 
650 |a Thermoluminescence  |v Handbooks, manuals, etc.; Quang học  |v Sổ tay 
856 |u http://lrc.tdmu.edu.vn/opac/search/detail.asp?aID=2&ID=32988 
980 |a Trung tâm Học liệu Trường Đại học Thủ Dầu Một